000 00541nam a22001817a 4500
999 _c172811
_d172811
005 20200213121051.0
010 _aA-374682
020 _c40.00
035 _aA-374682
037 _bBPPD/Pub.
082 _a270
100 _aایم شفیق انصاری
245 _aمسیم پرسنل لا /
_cایم شفیق انصاری
246 _aMuslim Personal Law (Urdu) /
_bby M. Shafiq Ansari
260 _aMuradabad (U.P.)
_bIram Publications
_c1986 ء
300 _a220p.
_c20cm(Hb)
942 _2ddc
_cUR
_h270
_mا ن ص